| 000 | 00546nam a2200181Ia 4500 | ||
|---|---|---|---|
| 008 | 151202s9999||||xx |||||||||||||| ||und|| | ||
| 082 | _bPNVM-73893 | ||
| 100 | _aLudlum R/Sparks N/Preston D/Mortimer j. | ||
| 245 | _aReaders Digest Select Editions. | ||
| 260 | _bORION BOOKS LTD. | ||
| 260 | _c7389 | ||
| 300 | _a590 | ||
| 600 | _aLudlum R/Sparks N/Preston D/Mortimer j. | ||
| 630 | _aReaders Digest Select Editions. | ||
| 700 | _aLudlum R/Sparks N/Preston D/Mortimer j. | ||
| 730 | _aReaders Digest Select Editions. | ||
| 942 | _cBOOK | ||
| 999 |
_c1340554 _d1340551 |
||